A treatise on mine - surveying (Record no. 85766)

MARC details
000 -LEADER
fixed length control field 00485cam a2200205 4500
001 - CONTROL NUMBER
control field D12269
008 - FIXED-LENGTH DATA ELEMENTS--GENERAL INFORMATION
fixed length control field 090401t1926 xxu||||| |||| 00| 0 eng d
035 ## - SYSTEM CONTROL NUMBER
System control number (Sirsi) u2405
041 ## - LANGUAGE CODE
Language code of text/sound track or separate title eng
100 ## - MAIN ENTRY--PERSONAL NAME
Personal name Brough, Bennett H
245 #2 - TITLE STATEMENT
Title A treatise on mine - surveying
250 ## - EDITION STATEMENT
Edition statement 17th rev
260 ## - PUBLICATION, DISTRIBUTION, ETC.
Place of publication, distribution, etc. London
Name of publisher, distributor, etc. Charles Griffin & Co
Date of publication, distribution, etc. 1926
350 ## - PRICE (NR) (BK AM CF MU VM SE) [OBSOLETE]
Price 0
520 ## - SUMMARY, ETC.
Summary, etc. Shelf 177
700 ## - ADDED ENTRY--PERSONAL NAME
Personal name Dean, Harry
700 ## - ADDED ENTRY--PERSONAL NAME
Personal name Lewis, Henry (ed)
942 ## - ADDED ENTRY ELEMENTS (KOHA)
Suppress in OPAC 0
948 ## - LOCAL PROCESSING INFORMATION (OCLC); SERIES PART DESIGNATOR (RLIN)
c (OCLC) 04/03/1997
Holdings
Withdrawn status Lost status Source of classification or shelving scheme Damaged status Not for loan Home library Current library Shelving location Date acquired Total Checkouts Full call number Barcode Date last seen Copy number Price effective from Koha item type
    Other/Generic Classification Scheme     London London Basement 14/09/1999   SHELF 177 30014321 06/08/2019 1 06/08/2019 Reference material